| 000 | 00681nas a2200241 4500 | ||
|---|---|---|---|
| 001 | BR8302864 | ||
| 003 | BR-BrBNA | ||
| 005 | 20231205085536.0 | ||
| 007 | ta | ||
| 008 | 230509b bl.|||p| |||| 00| 00por d | ||
| 040 |
_aBR-BrBNA _bpor _cBiblioteca Nacional de Agricultura |
||
| 041 | _a(Pt) | ||
| 072 | _aP12 | ||
| 100 | 1 | _aSiqueira, C.E.M. | |
| 100 | 1 | _aSouza, P.R.A. | |
| 245 | 1 | _aPlastico na impermeabilizacao de canais de irrigacao | |
| 650 | _aCANAL | ||
| 650 | _aIRRIGACAO | ||
| 650 | _aPLASTICO | ||
| 773 | 0 |
_tDirigente Rural (Brazil) _xISSN 0012-3374 _g(Mar 1983), v. 22(3) p. 17-19 _wBR8302864 |
|
| 909 |
_a202311 _bLúcia _c55 _dLúcia Elande |
||
| 942 |
_2AGRIS _n0 _cANA |
||
| 999 |
_c112107 _d112107 |
||